IAS/IFRS - Požadavky na zveřejňování

Cieľom štandardu IFRS 4 je špecifikovať účtovné výkazníctvo pre poistné zmluvy pre všetky účtovné jednotky vydávajúce takéto zmluvy. Cieľom štandardu IFRS 5 je špecifikovať vykazovanie aktív držaných za účelom predaja a vykazovanie a zverejňovanie ukončených činností.

Salvato in:
Dettagli Bibliografici
Autore principale: Hruška, Vladimír
Natura: Capitolo di libro
Lingua:ceco
Soggetti:
Tags: Aggiungi Tag
Nessun Tag, puoi essere il primo ad aggiungerne!!

MARC

LEADER 00000naa$a2200000$$$4500
001 0048292
005 20230925085544.2
041 0 |a cze 
044 |a CZ 
245 1 0 |a IAS/IFRS - Požadavky na zveřejňování  |c Vladimír Hruška 
520 |a Cieľom štandardu IFRS 4 je špecifikovať účtovné výkazníctvo pre poistné zmluvy pre všetky účtovné jednotky vydávajúce takéto zmluvy. Cieľom štandardu IFRS 5 je špecifikovať vykazovanie aktív držaných za účelom predaja a vykazovanie a zverejňovanie ukončených činností. 
610 2 0 |a štandardy účtovné medzinárodné 
610 2 0 |a výkazníctvo finančné 
610 2 0 |a závierka účtovná 
610 2 0 |a jednotka účtovná 
610 2 0 |a výkazy účtovné 
610 2 0 |a zmluvy poistné 
610 2 0 |a aktíva 
610 2 0 |a predaj 
610 2 0 |a IFRS 
100 1 |a Hruška, Vladimír